Čajka

Dramatizované hry. Ústrednou témou sú medziľudské vzťahy a postavenie spoločnosti na konci 19. až začiatkom 20. storočia. Dej sa odohráva počas dvoch rokov na ruskom vidieku

Bibliographic Details
Main Author: Čechov, Anton Pavlovič, 1860-1904 (Author)
Format: CD Audio
Language:Slovak
Russian
PhysicalDescription:1 elektronický optický disk (CD-ROM) digitálny; MP3 12cm
Published: Levoča Slovenská knižnica pre nevidiacich Mateja Hrebendu 2019
ISBN:9788018084649 (CDROM)
Subjects:

MARC

LEADER 00000nim a2200000 a 4500
001 vtls011904926
003 SK-MaSNL
005 20260301225301.0
007 sd fungnnmmned
008 191203s2019 xo nnnnfs d n slo
015 |a SNBJ2021 
020 |a 9788018084649 (CDROM) 
040 |a SNK  |b slo  |c SNK  |e AACR2 
041 1 |a slo  |h rus 
044 |a xo  |c SK 
072 7 |a 821.161.1  |x Ruská literatúra  |2 konspekt 
080 |a (086.76)  |2 2011 
080 |a 821.161.1-2  |2 2011 
100 1 |a Čechov, Anton Pavlovič,  |d 1860-1904  |4 aut  |9 98221 
245 1 0 |a Čajka  |h elektronický zdroj  |c Anton Pavlovič Čechov ; číta: Prevzaté RTVS 
260 |a Levoča  |b Slovenská knižnica pre nevidiacich Mateja Hrebendu  |c 2019 
300 |a 1 elektronický optický disk (CD-ROM)  |b digitálny; MP3  |c 12cm 
306 |a 014100 
500 |a Spracované zo zvukového záznamu Rozhlasu a televízie Slovenska z roku 1959 
520 8 |a Dramatizované hry. Ústrednou témou sú medziľudské vzťahy a postavenie spoločnosti na konci 19. až začiatkom 20. storočia. Dej sa odohráva počas dvoch rokov na ruskom vidieku 
521 |a Pre nevidiacich, slabozrakých a inak zdravotne postihnutých 
655 7 |a zvukové záznamy  |2 SNKPH  |9 70720 
655 7 |a rozhlasové hry  |2 SNKPH  |9 86789 
655 7 |a ruské drámy  |2 SNKPH  |9 81966 
655 7 |a CD-ROM  |2 SNKPH  |9 70236 
710 2 |a Rozhlas a televízia Slovenska  |4 oth  |9 164243 
919 |a 978-80-18-08464-9 
958 |a SX 
958 |a LX 
999 |c 950336  |d 952266 
952 |a SNK  |b SNK  |y PREZ  |7 0  |p 17A1447602  |o snkSCD 5417  |i snk2020/22580  |8 0  |0 0  |1 0  |4 0  |d 2020-12-14  |l 0  |r 2026-02-24 09:46:28  |w 2026-02-24